| 000 -CABECERA |
| campo de control de longitud fija |
01029cam a22003131a 4500 |
| 001 - NÚMERO DE CONTROL |
| campo de control |
YPZ96807 |
| 003 - IDENTIFICADOR DEL NÚMERO DE CONTROL |
| campo de control |
YPZ |
| 005 - FECHA Y HORA DE LA ÚLTIMA TRANSACCIÓN |
| campo de control |
20230824142611.0 |
| 008 - DATOS DE LONGITUD FIJA--INFORMACIÓN GENERAL |
| campo de control de longitud fija |
130204|###########||||||b||||||||||spa|d |
| 020 ## - NÚMERO INTERNACIONAL ESTÁNDAR DEL LIBRO |
| Número Internacional Estándar del Libro |
9788483226551 |
| 040 ## - FUENTE DE LA CATALOGACIÓN |
| Centro/agencia transcriptor |
SIUNPA |
| 041 ## - CÓDIGO DE LENGUA |
| Código de lengua del texto/banda sonora o título independiente |
spa |
| 044 ## - CÓDIGO DEL PAÍS DE LA ENTIDAD EDITORA/PRODUCTORA |
| Código MARC del país |
sp |
| 080 ## - NÚMERO DE LA CLASIFICACIÓN DECIMAL UNIVERSAL |
| Número de la Clasificación Decimal Universal |
616-053.2 B187e |
| 100 ## - ENTRADA PRINCIPAL--NOMBRE DE PERSONA |
| Nombre de persona |
Ball, Jane W.. |
| 245 ## - MENCIÓN DE TÍTULO |
| Título |
Enfermería pediátrica |
| Resto del título |
: asistencia infantil |
| Mención de responsabilidad, etc. |
/ Jane W. Ball ... [et al.] ; traducción GEA Consultoría ; revisión técnica Ana María García Parra ... [et al.] |
| 260 ## - PUBLICACIÓN, DISTRIBUCIÓN, ETC. |
| Lugar de publicación, distribución, etc. |
Madrid |
| Nombre del editor, distribuidor, etc. |
: Prentice Hall |
| Fecha de publicación, distribución, etc. |
, 2010 |
| 300 ## - DESCRIPCIÓN FÍSICA |
| Extensión |
xxx, 1382 p. : |
| Otras características físicas |
il. ; |
| Material acompañante/anejo |
1 DVD en bolsillo + 1 h. pleg. |
| 490 ## - MENCIÓN DE SERIE |
| Mención de serie |
(Serie enfermería) |
| 500 ## - NOTA GENERAL |
| Nota general |
En cub.: 4ª edición |
| 650 ## - PUNTO DE ACCESO ADICIONAL DE MATERIA--TÉRMINO DE MATERIA |
| Término de materia o nombre geográfico como elemento de entrada |
PEDIATRIA |
| 650 ## - PUNTO DE ACCESO ADICIONAL DE MATERIA--TÉRMINO DE MATERIA |
| Término de materia o nombre geográfico como elemento de entrada |
SERVICIOS DE ENFERMERIA |
| 650 ## - PUNTO DE ACCESO ADICIONAL DE MATERIA--TÉRMINO DE MATERIA |
| Término de materia o nombre geográfico como elemento de entrada |
NIÑOS |
| 700 ## - PUNTO DE ACCESO ADICIONAL--NOMBRE DE PERSONA |
| Nombre de persona |
Bindler, Ruth C.. |
| 700 ## - PUNTO DE ACCESO ADICIONAL--NOMBRE DE PERSONA |
| Nombre de persona |
GEA Consultoría |
| Código de función/relación |
, tr. |
| 700 ## - PUNTO DE ACCESO ADICIONAL--NOMBRE DE PERSONA |
| Nombre de persona |
García Parra, Ana María |
| Código de función/relación |
, rev. técnica |
| 700 ## - PUNTO DE ACCESO ADICIONAL--NOMBRE DE PERSONA |
| Nombre de persona |
Rodríguez López, María Ascensión |
| Código de función/relación |
, rev. técnica |
| 942 ## - ELEMENTOS DE PUNTO DE ACCESO ADICIONAL (KOHA) |
| Tipo de ítem Koha |
Libros |
| Fuente del sistema de clasificación o colocación |
|